[Event "Kuala Lumpur Inter Varsity-ch"]
[Site "Kuala Lumpur"]
[Date "2020.02.11"]
[Round "3"]
[White "Azhar, Puteri Rifqah Fahad"]
[Black "Yap, Egin Darrel"]
[Result "1/2-1/2"]
[WhiteElo "1937"]
[BlackElo "1938"]
[PlyCount "39"]
[EventDate "2020.02.10"]
[EventType "swiss"]
[EventRounds "9"]
[EventCountry "MAS"]
[SourceTitle "CBM 195 Extra"]
[Source "ChessBase"]
[SourceDate "2020.05.31"]
[SourceVersion "1"]
[SourceVersionDate "2020.05.31"]
[SourceQuality "1"]

1. Nf3 Nf6 2. g3 d5 3. Bg2 e6 4. d3 Nbd7 5. c3 Bd6 6. Qc2 c5 7. e4 Qc7 8. 0-0 0-0 9. h3 Rd8 10. Re1 c4 11. exd5 cxd3 12. Qxd3 Nc5 13. Qc2 Nxd5 14. Na3 Bd7 15. Nd4 a6 16. Nc4 Rac8 17. Nxd6 Qxd6 18. Qe2 b5 19. Be3 e5 20. Nb3 1/2-1/2

[Event "Kuala Lumpur Inter Varsity-ch"]
[Site "Kuala Lumpur"]
[Date "2020.02.10"]
[Round "2"]
[White "Yap, Egin Darrel"]
[Black "Abdullah, Muhd Rafiquzzaman"]
[Result "1-0"]
[WhiteElo "1938"]
[BlackElo "1760"]
[PlyCount "91"]
[EventDate "2020.02.10"]
[EventType "swiss"]
[EventRounds "9"]
[EventCountry "MAS"]
[SourceTitle "CBM 195 Extra"]
[Source "ChessBase"]
[SourceDate "2020.05.31"]
[SourceVersion "1"]
[SourceVersionDate "2020.05.31"]
[SourceQuality "1"]

1. d4 Nf6 2. Bf4 e6 3. Nc3 d5 4. e3 Be7 5. Nf3 c6 6. Bd3 Nbd7 7. Ne5 Nf8 8. Qf3 Ng6 9. g4 Nxe5 10. Bxe5 b5 11. h4 Bd6 12. Qg3 Bxe5 13. Qxe5 0-0 14. g5 Nd7 15. Qd6 Bb7 16. h5 Nb6 17. Qe5 Qb8 18. Qxb8 Rfxb8 19. 0-0 a5 20. a3 Nd7 21. f4 Re8 22. Rf2 f6 23. h6 fxg5 24. fxg5 Rf8 25. Raf1 Rxf2 26. Rxf2 Rf8 27. Rxf8+ Nxf8 28. hxg7 Kxg7 29. e4 Bc8 30. Kf2 Bd7 31. Kg3 Be8 32. e5 Bg6 33. Bxg6 Kxg6 34. Kg4 Nd7 35. Ne2 c5 36. c3 b4 37. axb4 axb4 38. Nf4+ Kf7 39. Kh5 cxd4 40. cxd4 b3 41. Kh6 Nf8 42. Nh5 Ng6 43. Kxh7 Nh4 44. Nf4 Nf5 45. g6+ Ke7 46. g7 1-0

[Event "World School-ch U17 11th"]
[Site "Pattaya"]
[Date "2015.05.10"]
[Round "6"]
[White "Zhu, Yi"]
[Black "Yap, Egin Darrel"]
[Result "1-0"]
[WhiteElo "2299"]
[BlackElo "1903"]
[PlyCount "121"]
[EventDate "2015.05.07"]
[EventType "swiss"]
[EventRounds "9"]
[EventCountry "THA"]
[SourceTitle "CBM 166 Extra"]
[Source "ChessBase"]
[SourceDate "2015.06.18"]
[SourceVersion "1"]
[SourceVersionDate "2015.06.18"]
[SourceQuality "1"]

1. Nf3 Nf6 2. c4 e6 3. Nc3 b6 4. e4 Bb7 5. e5 Ne4 6. d4 Bb4 7. Qc2 f5 8. Bd3 d6 9. 0-0 Bxc3 10. bxc3 Nd7 11. exd6 cxd6 12. Nd2 Nxd2 13. Qxd2 0-0 14. Ba3 Qc7 15. Rae1 Rf6 16. Re3 Rh6 17. Rg3 Kh8 18. Qf4 e5 19. Qxf5 Nf6 20. Bxd6 Qxd6 21. dxe5 Qe7 22. exf6 Qxf6 23. Qxf6 Rxf6 24. Re1 Raf8 25. Re7 R6f7 26. Rge3 Bc6 27. f3 g6 28. Kf2 Kg7 29. R3e6 Bd7 30. Re1 Bf5 31. Bf1 Rd8 32. g4 Bc2 33. c5 Rd2+ 34. Kg3 Bd3 35. Rxf7+ Kxf7 36. cxb6 axb6 37. Bxd3 Rxd3 38. Rb1 Rxc3 39. Rxb6 Ra3 40. Rb7+ Kg8 41. Kf4 Ra5 42. Rb2 g5+ 43. Ke4 Kf7 44. Rc2 Ra4+ 45. Ke5 Ra5+ 46. Kd4 Ra4+ 47. Kc5 Ra3 48. Rf2 Ke6 49. Kb4 Ra7 50. a4 Ke5 51. Ra2 Kd5 52. a5 Rb7+ 53. Kc3 Rf7 54. a6 Rxf3+ 55. Kb4 Rf8 56. a7 Ra8 57. Kb5 Ke4 58. Kb6 Kf3 59. h3 Kg3 60. Ra3+ Kh4 61. Kb7 1-0

[Event "Penang op 6th"]
[Site "Penang"]
[Date "2014.12.10"]
[Round "4"]
[White "Senador, Emmanuel"]
[Black "Yap, Egin Darrel"]
[Result "1-0"]
[WhiteElo "2354"]
[BlackElo "1781"]
[PlyCount "86"]
[EventDate "2014.12.08"]
[EventType "swiss"]
[EventRounds "9"]
[EventCountry "MAS"]
[SourceTitle "CBM 163 Extra"]
[Source "ChessBase"]
[SourceDate "2014.12.23"]
[SourceVersion "1"]
[SourceVersionDate "2014.12.23"]
[SourceQuality "1"]

1. e4 d5 2. exd5 Qxd5 3. Nf3 Bg4 4. Be2 Nf6 5. d4 e6 6. h3 Bh5 7. 0-0 Be7 8. c4 Qd8 9. Qb3 Qc8 10. Nc3 c6 11. Bf4 0-0 12. Rac1 Nbd7 13. d5 Bxf3 14. Bxf3 e5 15. Bg3 Qc7 16. Qc2 Rfe8 17. a3 a5 18. Rfe1 Bf8 19. Rcd1 Rad8 20. dxc6 bxc6 21. Qa4 Rc8 22. b4 Nb6 23. Qb3 Nbd7 24. c5 Nb8 25. Qc4 Nbd7 26. Re3 Rb8 27. Red3 axb4 28. axb4 Qb7 29. Rb1 Qc8 30. Re3 Ra8 31. Ree1 Rb8 32. Ra1 Re6 33. Ra7 Qe8 34. Rc7 Rc8 35. Ra7 Rb8 36. Rd1 Rc8 37. Ne4 Ra8 38. Rxa8 Qxa8 39. b5 Nxe4 40. Bxe4 Nxc5 41. Bf3 Qa7 42. Rd8 Qb6 43. Rc8 Qa7 1-0

[Event "Penang op-B 5th"]
[Site "Penang"]
[Date "2013.12.12"]
[Round "7"]
[White "Khairuddin, Muhd Anas Hussaini"]
[Black "Yap, Egin Darrel"]
[Result "1/2-1/2"]
[WhiteElo "1525"]
[BlackElo "1773"]
[PlyCount "93"]
[EventDate "2013.12.09"]
[EventType "swiss"]
[EventRounds "9"]
[EventCountry "MAS"]
[SourceTitle "CBM 158 Extra"]
[Source "ChessBase"]
[SourceDate "2014.02.28"]
[SourceVersion "1"]
[SourceVersionDate "2014.02.28"]
[SourceQuality "1"]

1. d4 Nf6 2. Nf3 b6 3. e3 Bb7 4. Bd3 e6 5. 0-0 d5 6. b3 Bd6 7. Bb2 0-0 8. Ne5 Nbd7 9. f4 Ne4 10. Bxe4 dxe4 11. Nd2 f5 12. Ndc4 Nf6 13. a4 a6 14. Qe2 Nd5 15. Rfe1 g5 16. g3 Bb4 17. Qh5 g4 18. Re2 b5 19. Na3 Bxa3 20. Bxa3 b4 21. Bb2 Qe7 22. h3 Qg7 23. hxg4 Nf6 24. Qh4 Nxg4 25. Nxg4 fxg4 26. Rh2 Bd5 27. c4 bxc3 28. Bxc3 Rab8 29. b4 Rb6 30. Qh5 Rf5 31. Qh4 Rc6 32. Ra3 Rb6 33. Rb2 h5 34. b5 Qf8 35. Bb4 Qe8 36. Bc5 Rb7 37. Qe7 Qxe7 38. Bxe7 axb5 39. axb5 Kf7 40. Bc5 Bc4 41. Ra5 Ke8 42. Ra6 Kd7 43. Ra5 Ke8 44. Rb4 Bd3 45. Kf2 Kd7 46. Rb3 Bc4 47. Rb4 1/2-1/2

[Event "Penang op-B 5th"]
[Site "Penang"]
[Date "2013.12.09"]
[Round "1"]
[White "Yap, Egin Darrel"]
[Black "Yasmin, Irdina Zulkippli"]
[Result "1-0"]
[WhiteElo "1773"]
[BlackElo "1284"]
[PlyCount "65"]
[EventDate "2013.12.09"]
[EventType "swiss"]
[EventRounds "9"]
[EventCountry "MAS"]
[SourceTitle "CBM 158 Extra"]
[Source "ChessBase"]
[SourceDate "2014.02.28"]
[SourceVersion "1"]
[SourceVersionDate "2014.02.28"]
[SourceQuality "1"]

1. d4 d5 2. Nf3 Nf6 3. Bf4 e6 4. c3 Be7 5. Nbd2 Nbd7 6. e3 b6 7. Bd3 Bb7 8. Qc2 0-0 9. 0-0 g6 10. Ne5 Nxe5 11. Bxe5 Ng4 12. Bg3 Bd6 13. Rae1 Bxg3 14. fxg3 f5 15. Nf3 g5 16. h3 Nh6 17. Ne5 Nf7 18. Nxf7 Rxf7 19. g4 Bc8 20. gxf5 exf5 21. Bxf5 Bxf5 22. Rxf5 Rxf5 23. Qxf5 Rb8 24. Rf1 Ra8 25. Qe6+ Kh8 26. Qe5+ Kg8 27. Rf6 b5 28. Qxg5+ Kh8 29. Qe5 Kg8 30. Qe6+ Kg7 31. Rf7+ Kh8 32. Qe5+ Kg8 33. Qg7# 1-0

[Event "ASEAN-ch U14 14th"]
[Site "Chiangmai"]
[Date "2013.06.13"]
[Round "9"]
[White "Nguyen Huynh Tuan, Hai"]
[Black "Yap, Egin Darrel"]
[Result "1-0"]
[WhiteElo "1866"]
[BlackElo "1773"]
[PlyCount "82"]
[EventDate "2013.06.08"]
[EventType "swiss"]
[EventRounds "9"]
[EventCountry "THA"]
[SourceTitle "EXT 2014"]
[Source "ChessBase"]
[SourceDate "2013.11.20"]
[SourceVersion "1"]
[SourceVersionDate "2013.11.20"]
[SourceQuality "1"]

1. d4 Nf6 2. Nf3 e6 3. c4 b6 4. g3 Bb4+ 5. Bd2 Qe7 6. Bg2 Bb7 7. 0-0 a5 8. Bf4 Bd6 9. Bd2 Bb4 10. Nc3 0-0 11. Qc2 Na6 12. Rfd1 Bxc3 13. Bxc3 Be4 14. Qc1 Nb4 15. Rd2 Bc6 16. a3 Ne4 17. Rd1 Nxc3 18. Qxc3 Na6 19. d5 Bb7 20. Nd4 d6 21. b4 e5 22. Nb3 axb4 23. axb4 Rfd8 24. Ra3 h6 25. Rda1 g5 26. Be4 Kg7 27. Bd3 Rdc8 28. e4 Kh7 29. Qd2 Qf6 30. c5 bxc5 31. Bxa6 Bxa6 32. Rxa6 Rxa6 33. Rxa6 cxb4 34. Qe3 g4 35. Ra1 Qf3 36. Qxf3 gxf3 37. Nd2 Rb8 38. Nxf3 Kg6 39. Ra6 Kh5 40. h3 f6 41. Rc6 Rb7 1-0